| 000 | 00557 a2200157 4500 | ||
|---|---|---|---|
| 999 |
_c985 _d985 |
||
| 020 | _a9780582404441 | ||
| 050 | _aG156.5 DAV 2002 | ||
| 100 |
_aDavidson, Rob _eautor |
||
| 245 |
_aBusiness travel: _bconferences,incentive travel,exhibitions,corporate hospitality and corporate travel/ _cRob Davidson and Beulah Cope |
||
| 264 |
_aEngland: _bPearson Education Limited _c2002 |
||
| 300 |
_a290p. _bill. |
||
| 500 | _aIncludes bibliographical references and index | ||
| 650 | _aBusiness travel | ||
| 700 |
_aCope, Beaulah _eauthor |
||
| 942 |
_2lcc _cBK _h156.5 _iDAV _kG |
||